000 01171nam a2200277 4500
001 76808
003 BD-RjUL
005 20211209082906.0
008 200120s1993 bg ||||| |||| 00| 0 ben d
020 _c: Tk. 50.00
035 _a(BD-RjUL)
040 _aBD-RjUL
_bben/eng
_cBD-RjUL
041 _aben
082 _223
_a297.12207
_bMUQ 1993
100 1 _aমুরাদ, খুররম
_9237977
245 _aকুরআন অধ্যায়ন সহায়িকা /
_cমুরাদ, খুররম ; অনুবাদ: মুহাম্মদ কামারুজ্জামাম
250 _a২য় সং.
260 _aঢাকা:
_bবাংলাদেশ ইসলামিক সেন্টার,
_c১৯৯৩
300 _a১৩৫, [১] পৃ. ;
_c২২ সেমি.
650 _aইসলাম
_9237978
650 _aIslam.
_9237979
650 _aকুরআন
_xঅধ্যয়ন ও শিক্ষাদান।
_9237980
650 _aQur an
_xStudy and teaching.
_9237981
700 _aকামারুজ্জামাম, মুহাম্মদ, অনুবাদক
_9237982
942 _2ddc
_cCR
999 _c76808
_d76808